Cairo's Belle Époque : architectural patterns = ʻAṣr Al-Qāhiraẗ al-ǧamīl

محفوظ في:

المؤلف الرئيسي: Muʾassasaẗ dāʾiraẗ al-t̲aqāfaẗ al-fann.

التنسيق: كتاب

اللغة: Undetermined

منشور في: Al-Qāhirah : Muʾassasaẗ dāʾiraẗ al-t̲aqāfaẗ al-fann,, 2007.

الموضوعات:

الوسوم: إضافة وسم

لا توجد وسوم, كن أول من يضع وسما على هذه التسجيلة!

رقم الطلب: NA1583 .C32

LEADER 00691nam a2200169Ia 4500
008 240329s9999||||xx |||||||||||||| ||und||
050 4 |a NA1583 .C32 
100 1 |a Muʾassasaẗ dāʾiraẗ al-t̲aqāfaẗ al-fann. 
245 1 0 |a Cairo's Belle Époque : architectural patterns = ʻAṣr Al-Qāhiraẗ al-ǧamīl  |c Muʾassasaẗ dāʾiraẗ al-t̲aqāfaẗ al-fann 
264 1 |a Al-Qāhirah :  |b Muʾassasaẗ dāʾiraẗ al-t̲aqāfaẗ al-fann,,  |c 2007. 
300 |a 73  |b ill.  |c 24 
500 |a 1.Vol 
650 |a Architecture moderne Le Caire (Égypte) 19e siècle  
650 |a Architecture moderne Le Caire (Égypte) 20e siècle  
650 |a Le Caire (Égypte)  
942 |2 lcc  |c BK 
999 |c 57780  |d 57780